000 00285nam a22001337a 4500
008 170608b xxu||||| |||| 00| 0 eng d
020 _a1285465512
041 _aeng
080 _a32
100 _a18
101 _aSHP
245 _aCOMPARATIVE POLITICS
_cHAUSS, CH
942 _2udc
_cBK
999 _c16383
_d16383